[Event "DEN-ch cand"]
[Site "Svendborg"]
[Date "2018.03.28"]
[Round "2"]
[White "Murtuzov, Rauf Mubariz"]
[Black "Jorgensen, Brian Jorgen"]
[Result "0-1"]
[WhiteElo "2154"]
[BlackElo "2239"]
[PlyCount "92"]
[EventDate "2018.03.27"]
[EventType "swiss"]
[EventRounds "7"]
[EventCountry "DEN"]
[SourceTitle "EXT 2019"]
[Source "ChessBase"]
[SourceDate "2018.10.10"]
[SourceVersion "1"]
[SourceVersionDate "2018.10.10"]
[SourceQuality "1"]

1. e4 e6 2. d4 d5 3. Nc3 Nf6 4. Bg5 Bb4 5. e5 h6 6. Bd2 Bxc3 7. bxc3 Ne4 8. Qg4 Kf8 9. Bd3 Nxd2 10. Kxd2 c5 11. h4 Nc6 12. Qf4 Bd7 13. Rh3 c4 14. Be2 b5 15. a3 a5 16. Bh5 Qe7 17. Ne2 Rb8 18. Rf3 Be8 19. g4 Nd8 20. g5 hxg5 21. Qg4 f5 22. exf6 gxf6 23. Bxe8 Kxe8 24. hxg5 fxg5 25. Qg3 Rb6 26. Re3 Kd7 27. f4 gxf4 28. Nxf4 Qh7 29. Re2 Rg8 30. Qf3 Qf7 31. Rf1 Qg7 32. Rg2 Qh7 33. Re2 Kc8 34. Rh1 Qd7 35. Nh5 Qd6 36. Nf6 Rg3 37. Qf2 b4 38. axb4 axb4 39. Ra1 bxc3+ 40. Kd1 Rg6 41. Nh5 Qa3 42. Rc1 Ra6 43. Qf4 Rg4 44. Qh6 e5 45. Nf6 Rxf6 46. Qh3 Rf1+ 0-1

[Event "Copenhagen OeBRO op"]
[Site "Copenhagen"]
[Date "2016.12.29"]
[Round "5"]
[White "Jacobsen, Mikkel Manosri"]
[Black "Murtuzov, Rauf Mubariz"]
[Result "1-0"]
[WhiteElo "2264"]
[BlackElo "2180"]
[PlyCount "75"]
[EventDate "2016.12.27"]
[EventType "swiss"]
[EventRounds "7"]
[EventCountry "DEN"]
[SourceTitle "CBM 176 Extra"]
[Source "ChessBase"]
[SourceDate "2017.03.02"]
[SourceVersion "1"]
[SourceVersionDate "2017.03.02"]
[SourceQuality "1"]

1. d4 Nf6 2. Nf3 g6 3. c4 Bg7 4. Nc3 d6 5. Bg5 h6 6. Bh4 g5 7. Bg3 Nh5 8. e3 Nxg3 9. hxg3 Nc6 10. Qc2 Bg4 11. Bd3 Qd7 12. a3 e5 13. d5 Ne7 14. Nd2 c6 15. f3 Bf5 16. g4 Bxd3 17. Qxd3 cxd5 18. cxd5 Rc8 19. Nde4 a6 20. Kf2 f6 21. b4 Kf7 22. b5 Ra8 23. Rab1 Rhc8 24. Rhc1 Kg8 25. bxa6 Rxa6 26. Nb5 Rb6 27. a4 Ra6 28. Rxc8+ Nxc8 29. Rc1 Rxa4 30. Nxf6+ Bxf6 31. Rc7 e4 32. Qb3 Ra2+ 33. Qxa2 Qxb5 34. Rxc8+ Kf7 35. Rc7+ Ke8 36. Qa8+ Bd8 37. Qxb7 Qa4 38. Rh7 1-0

[Event "Copenhagen OeBRO op"]
[Site "Copenhagen"]
[Date "2016.12.28"]
[Round "3"]
[White "Nielsen, Jan Mose"]
[Black "Murtuzov, Rauf Mubariz"]
[Result "1/2-1/2"]
[WhiteElo "2061"]
[BlackElo "2180"]
[PlyCount "67"]
[EventDate "2016.12.27"]
[EventType "swiss"]
[EventRounds "7"]
[EventCountry "DEN"]
[SourceTitle "CBM 176 Extra"]
[Source "ChessBase"]
[SourceDate "2017.03.02"]
[SourceVersion "1"]
[SourceVersionDate "2017.03.02"]
[SourceQuality "1"]

1. d4 Nf6 2. c4 g6 3. Nc3 Bg7 4. e4 d6 5. f3 0-0 6. Be3 Nc6 7. Nge2 e5 8. d5 Ne7 9. Qd2 a6 10. g4 Rb8 11. Ng3 Ne8 12. Rg1 Bd7 13. a4 c6 14. Bd3 b5 15. dxc6 Nxc6 16. cxb5 Nd4 17. Bxd4 exd4 18. Nd5 axb5 19. a5 Nc7 20. Nxc7 Qxc7 21. Nh5 d5 22. Nxg7 Kxg7 23. exd5 Qe5+ 24. Be4 Rbc8 25. Rg2 f5 26. gxf5 Bxf5 27. Re2 Kg8 28. Qd3 Qf4 29. Rd1 Qh4+ 30. Kd2 Qg5+ 31. Ke1 Qg1+ 32. Kd2 Qg5+ 33. Ke1 Qg1+ 34. Kd2 1/2-1/2

[Event "Vojens Sonderjysk EMT Master"]
[Site "Vojens"]
[Date "2015.06.13"]
[Round "7"]
[White "Kjaergaard Jensen, Jesper"]
[Black "Murtuzov, Rauf Mubariz"]
[Result "1/2-1/2"]
[WhiteElo "2052"]
[BlackElo "2107"]
[PlyCount "138"]
[EventDate "2015.04.27"]
[EventType "swiss"]
[EventRounds "7"]
[EventCountry "DEN"]
[SourceTitle "EXT 2023"]
[Source "ChessBase"]
[SourceDate "2022.10.05"]
[SourceVersion "1"]
[SourceVersionDate "2022.10.05"]
[SourceQuality "1"]

1. d4 Nf6 2. Nf3 g6 3. c3 Bg7 4. Bg5 d6 5. Nbd2 0-0 6. e4 c5 7. dxc5 dxc5 8. Bc4 Nc6 9. Qe2 a6 10. a4 Bg4 11. h3 Bxf3 12. Nxf3 h6 13. Bd2 e5 14. 0-0 Re8 15. Be3 Na5 16. Ba2 Qe7 17. Nd2 Kh8 18. b4 cxb4 19. cxb4 Nc6 20. Bc5 Nd4 21. Qc4 Qe6 22. Qd3 Qd7 23. Nc4 Rad8 24. Nb6 Qc7 25. Rac1 Ne6 26. Nd5 Nxd5 27. exd5 Nf4 28. Qe4 f5 29. d6 Qxc5 30. Qxf4 Qxd6 31. Qg3 Kh7 32. Bf7 Re7 33. Qb3 Qf6 34. Bc4 e4 35. Rfd1 Red7 36. Rxd7 Rxd7 37. b5 a5 38. Bg8+ Kh8 39. Be6 Rd8 40. Qc4 Qe7 41. Bf7 Kh7 42. b6 Rd6 43. Qb3 Qd8 44. Rc7 Rd1+ 45. Kh2 Be5+ 46. g3 Bxc7 47. bxc7 Qxc7 48. Bxg6+ Kxg6 49. Qxd1 Qb6 50. Kg2 Qc6 51. Kg1 Kf6 52. Qd8+ Ke6 53. Qxa5 b6 54. Qd2 Ke5 55. Qf4+ Kd4 56. Qxf5 Qxa4 57. Qf6+ Kc5 58. Qxh6 b5 59. Qg5+ Kb6 60. Qd8+ Kc5 61. Qc7+ Kb4 62. Qe7+ Kc3 63. Qe5+ Kb3 64. Qd5+ Ka3 65. h4 Qc4 66. Qa8+ Kb2 67. h5 b4 68. h6 Qc1+ 69. Kg2 Qxh6 1/2-1/2

[Event "EU-ch U12 23rd"]
[Site "Budva"]
[Date "2013.10.07"]
[Round "8"]
[White "Amon, Nejc"]
[Black "Murtuzov, Rauf Mubariz"]
[Result "1-0"]
[WhiteElo "1866"]
[BlackElo "2067"]
[PlyCount "79"]
[EventDate "2013.09.29"]
[EventType "swiss"]
[EventRounds "9"]
[EventCountry "MNE"]
[SourceTitle "EXT 2014"]
[Source "ChessBase"]
[SourceDate "2013.11.20"]
[SourceVersion "1"]
[SourceVersionDate "2013.11.20"]
[SourceQuality "1"]

1. e4 c6 2. d4 d5 3. Nc3 g6 4. Nf3 Bg7 5. Bf4 Bg4 6. h3 Bxf3 7. Qxf3 Nf6 8. 0-0-0 0-0 9. e5 Nfd7 10. h4 e6 11. h5 Qe7 12. Qh3 Bh8 13. Bh6 Rc8 14. Qg3 c5 15. Nb5 cxd4 16. f4 Na6 17. Nd6 Rc7 18. hxg6 fxg6 19. Bd3 Nac5 20. Bg5 Qg7 21. Qh4 Nxd3+ 22. Rxd3 Nf8 23. Rxd4 Rc6 24. Rb4 Rb8 25. Bh6 Qd7 26. Bxf8 Rxf8 27. Rxb7 Rc7 28. Rxc7 Qxc7 29. Rh3 Rb8 30. Kb1 a5 31. a3 Qa7 32. Ka2 Qd7 33. Qe1 a4 34. Qa5 Qxd6 35. exd6 Rxb2+ 36. Ka1 Rb5+ 37. Qc3 Bxc3+ 38. Rxc3 Kf7 39. Rc8 Rb7 40. Rc7+ 1-0

[Event "EU-ch U12 23rd"]
[Site "Budva"]
[Date "2013.10.03"]
[Round "5"]
[White "Murtuzov, Rauf Mubariz"]
[Black "Bubnov, Kirill"]
[Result "1-0"]
[WhiteElo "2067"]
[BlackElo "1887"]
[PlyCount "79"]
[EventDate "2013.09.29"]
[EventType "swiss"]
[EventRounds "9"]
[EventCountry "MNE"]
[SourceTitle "EXT 2014"]
[Source "ChessBase"]
[SourceDate "2013.11.20"]
[SourceVersion "1"]
[SourceVersionDate "2013.11.20"]
[SourceQuality "1"]

1. e4 e6 2. d4 d5 3. Nc3 Bb4 4. e5 c5 5. a3 Bxc3+ 6. bxc3 Qc7 7. Bd2 Nc6 8. Qg4 f5 9. Qf4 Nge7 10. Nf3 cxd4 11. cxd4 Bd7 12. Bd3 0-0 13. h4 Qb6 14. h5 Qb2 15. Ke2 Qb6 16. Rab1 Qc7 17. Rh3 Kh8 18. Nh4 Be8 19. g4 Bf7 20. Rg1 Rad8 21. c3 Na5 22. gxf5 Bxh5+ 23. Ke1 Nxf5 24. Nxf5 g6 25. Rgh1 exf5 26. Be2 Rd7 27. Bxh5 gxh5 28. Rxh5 Qb6 29. f3 Rg7 30. Qh6 Qc7 31. Rg5 Rfg8 32. Rhg1 Rxg5 33. Rxg5 Rxg5 34. Qxg5 Nc4 35. Qxf5 Qg7 36. Bg5 Kg8 37. e6 Qc7 38. Qg4 Qg7 39. e7 Kf7 40. Qf5+ 1-0

[Event "Barcelona Sants op 15th"]
[Site "Barcelona"]
[Date "2013.08.27"]
[Round "5"]
[White "Murtuzov, Rauf Mubariz"]
[Black "Potkin, Vladimir"]
[Result "0-1"]
[WhiteElo "2067"]
[BlackElo "2647"]
[PlyCount "106"]
[EventDate "2013.08.23"]
[EventType "swiss"]
[EventRounds "10"]
[EventCountry "ESP"]
[SourceTitle "CBM 156 Extra"]
[Source "ChessBase"]
[SourceDate "2013.10.22"]
[SourceVersion "1"]
[SourceVersionDate "2013.10.22"]
[SourceQuality "1"]

1. e4 c5 2. Nf3 e6 3. d4 cxd4 4. Nxd4 Nc6 5. Nc3 a6 6. Be2 d6 7. 0-0 Nf6 8. Be3 Be7 9. f4 Bd7 10. a4 Nxd4 11. Qxd4 Bc6 12. Bf3 0-0 13. a5 Qc7 14. Rfd1 Rac8 15. Qb6 Qb8 16. Qa7 Qxa7 17. Bxa7 Nd7 18. Bf2 h6 19. Rd2 Kh7 20. Ne2 Nf6 21. e5 dxe5 22. fxe5 Ne4 23. Bxe4+ Bxe4 24. Rd7 Bc5 25. Nc3 Bxf2+ 26. Kxf2 Bc6 27. Rd6 Kg6 28. Ke3 h5 29. Rg1 h4 30. Kf4 Rh8 31. Ne2 Bd5 32. Nd4 Rc4 33. c3 Ra4 34. b4 Ra2 35. Nf3 Rc2 36. g3 Bxf3 37. Kxf3 Rxc3+ 38. Ke4 h3 39. Rgd1 Rhc8 40. R1d2 R8c4+ 41. R6d4 Rc2 42. Rxc2 Rxc2 43. Kf3 Rxh2 44. Rg4+ Kh7 45. Rh4+ Kg8 46. Kg4 Re2 47. Kxh3 Rxe5 48. Rc4 g6 49. Kg4 Kg7 50. Kf4 Kf6 51. g4 Rb5 52. Ke4 Kg5 53. Kd3 f5 0-1

[Event "Odense Andersen op"]
[Site "Odense"]
[Date "2013.05.11"]
[Round "7"]
[White "Jensen, Soren1111"]
[Black "Murtuzov, Rauf Mubariz"]
[Result "0-1"]
[WhiteElo "1836"]
[BlackElo "1995"]
[PlyCount "66"]
[EventDate "2013.05.08"]
[EventType "swiss"]
[EventRounds "9"]
[EventCountry "DEN"]
[SourceTitle "CBM 154 Extra"]
[Source "ChessBase"]
[SourceDate "2013.06.25"]
[SourceVersion "2"]
[SourceVersionDate "2013.06.25"]
[SourceQuality "1"]

1. c4 Nf6 2. g3 g6 3. Bg2 Bg7 4. Nf3 0-0 5. 0-0 d6 6. Nc3 Nc6 7. d3 e5 8. e4 Bg4 9. h3 Bxf3 10. Bxf3 Qd7 11. Bg2 Nd4 12. Ne2 Nxe2+ 13. Qxe2 a6 14. Be3 Ne8 15. Qd2 c6 16. Bh6 f5 17. Bxg7 Nxg7 18. Rad1 f4 19. f3 fxg3 20. d4 Qe7 21. f4 exf4 22. Rxf4 Nh5 23. Rxf8+ Rxf8 24. Qc2 Nf4 25. c5 Nxg2 26. Qxg2 Qg5 27. Qd2 Qh4 28. Rf1 Rxf1+ 29. Kxf1 Qxh3+ 30. Qg2 Qxg2+ 31. Kxg2 dxc5 32. dxc5 h5 33. Kxg3 g5 0-1

[Event "Odense Andersen op"]
[Site "Odense"]
[Date "2013.05.11"]
[Round "6"]
[White "Murtuzov, Rauf Mubariz"]
[Black "Bach, Matthias"]
[Result "0-1"]
[WhiteElo "1995"]
[BlackElo "2252"]
[PlyCount "62"]
[EventDate "2013.05.08"]
[EventType "swiss"]
[EventRounds "9"]
[EventCountry "DEN"]
[SourceTitle "CBM 154 Extra"]
[Source "ChessBase"]
[SourceDate "2013.06.25"]
[SourceVersion "2"]
[SourceVersionDate "2013.06.25"]
[SourceQuality "1"]

1. e4 c5 2. Nf3 Nf6 3. Nc3 d5 4. Bb5+ Bd7 5. Bxd7+ Qxd7 6. e5 Ng8 7. 0-0 e6 8. d3 Ne7 9. Bg5 Nf5 10. Qe2 Nc6 11. Rfe1 h6 12. Bf4 g5 13. Bg3 Be7 14. h3 h5 15. Nb5 0-0-0 16. c4 g4 17. hxg4 hxg4 18. Nh2 Ncd4 19. Nxd4 Nxd4 20. Qd1 Rh7 21. Rc1 Nf5 22. Bf4 Rdh8 23. Qxg4 Rh4 24. Qf3 Bg5 25. Bxg5 Rxh2 26. g4 Nd4 27. Qf4 dxc4 28. Re4 Qd5 29. dxc4 Ne2+ 30. Kf1 Nxf4 31. Rxf4 Qd3+ 0-1

[Event "Odense Andersen op"]
[Site "Odense"]
[Date "2013.05.10"]
[Round "4"]
[White "Nielsen, Thomas"]
[Black "Murtuzov, Rauf Mubariz"]
[Result "0-1"]
[WhiteElo "1628"]
[BlackElo "1995"]
[PlyCount "46"]
[EventDate "2013.05.08"]
[EventType "swiss"]
[EventRounds "9"]
[EventCountry "DEN"]
[SourceTitle "CBM 154 Extra"]
[Source "ChessBase"]
[SourceDate "2013.06.25"]
[SourceVersion "2"]
[SourceVersionDate "2013.06.25"]
[SourceQuality "1"]

1. f4 Nf6 2. Nf3 g6 3. g3 Bg7 4. Bg2 0-0 5. 0-0 d5 6. d4 Ne4 7. Nbd2 Nc6 8. c3 Bf5 9. Qb3 b6 10. Ng5 Na5 11. Qb4 Nf6 12. e4 dxe4 13. Ngxe4 Nd5 14. Qb5 Ne3 15. Nf6+ Bxf6 16. Bxa8 Nxf1 17. Ne4 Qxa8 18. Nxf6+ exf6 19. Qxf1 Qe4 20. Bd2 Qc2 21. Qe1 Nc4 22. Rd1 Bg4 23. b3 Qxd1 0-1

[Event "Odense Andersen op"]
[Site "Odense"]
[Date "2013.05.08"]
[Round "1"]
[White "Murtuzov, Rauf Mubariz"]
[Black "Rusev, Krasimir"]
[Result "0-1"]
[WhiteElo "1995"]
[BlackElo "2545"]
[PlyCount "122"]
[EventDate "2013.05.08"]
[EventType "swiss"]
[EventRounds "9"]
[EventCountry "DEN"]
[SourceTitle "CBM 154 Extra"]
[Source "ChessBase"]
[SourceDate "2013.06.25"]
[SourceVersion "2"]
[SourceVersionDate "2013.06.25"]
[SourceQuality "1"]

1. e4 c5 2. Nf3 d6 3. c4 Nc6 4. d4 Bg4 5. d5 Bxf3 6. Qxf3 Nd4 7. Qd1 g6 8. Bd3 Bg7 9. 0-0 e6 10. Nc3 Ne7 11. Bg5 0-0 12. f4 Qd7 13. Re1 e5 14. Bxe7 Qxe7 15. f5 h5 16. Ne2 Bh6 17. Nxd4 exd4 18. Rf1 Be3+ 19. Kh1 Qg5 20. Qf3 Rae8 21. g3 Qh6 22. Rae1 g5 23. g4 hxg4 24. Qxg4 f6 25. Rf3 Qh4 26. Qxh4 gxh4 27. Rh3 Bg5 28. a3 Rf7 29. b4 Rc7 30. Rb1 Ree7 31. Rf3 Rg7 32. e5 dxe5 33. d6 Rc6 34. Be4 Rxd6 35. bxc5 Rdd7 36. Rfb3 Rc7 37. Rxb7 Rxc5 38. Rb8+ Kh7 39. Ra8 Be3 40. Rf8 Rxc4 41. Rxf6 d3 42. Bxd3 Rd4 43. Bc2 Rd2 44. Be4 Bf4 45. Rg6 h3 46. Rf1 Rxh2+ 47. Kg1 Re2 48. Bd3 Re3 49. Bb1 Rxa3 50. Kh1 Rxg6 51. fxg6+ Kh6 52. Rg1 h2 53. Rg2 Re3 54. Rxh2+ Bxh2 55. Kxh2 a5 56. Kg2 a4 57. Kf2 Rb3 58. Be4 a3 59. Bd5 a2 60. Bxb3 a1Q 61. Bf7 Qc3 0-1

[Event "DEN-ch G7-A op"]
[Site "Helsingor"]
[Date "2013.03.29"]
[Round "4"]
[White "Jensen, Leif Haugaard"]
[Black "Murtuzov, Rauf Mubariz"]
[Result "1/2-1/2"]
[WhiteElo "2013"]
[BlackElo "1923"]
[PlyCount "70"]
[EventDate "2013.03.26"]
[EventType "swiss"]
[EventRounds "7"]
[EventCountry "DEN"]
[SourceTitle "EXT 2014"]
[Source "ChessBase"]
[SourceDate "2013.11.20"]
[SourceVersion "1"]
[SourceVersionDate "2013.11.20"]
[SourceQuality "1"]

1. e4 c6 2. Nf3 d5 3. Nc3 Bg4 4. Be2 e6 5. exd5 cxd5 6. Ne5 Bxe2 7. Qxe2 Nc6 8. Nxc6 bxc6 9. d3 Nf6 10. Bg5 Be7 11. 0-0 0-0 12. Nd1 h6 13. Bf4 Bd6 14. Bxd6 Qxd6 15. Ne3 Rab8 16. b3 c5 17. Rfe1 Rfe8 18. Ng4 Qe7 19. Nxf6+ Qxf6 20. Qe5 Qxe5 21. Rxe5 f6 22. Re2 Re7 23. f4 a5 24. Kf2 Rb4 25. g3 a4 26. Ke3 Ra7 27. Rd1 axb3 28. axb3 Ra3 29. Kf2 Kf7 30. Rde1 Rb6 31. Rd1 Rc6 32. Ree1 Ke7 33. Ra1 Rca6 34. Rxa3 Rxa3 35. Ke3 Kd6 1/2-1/2

[Event "DEN-ch G7-A op"]
[Site "Helsingor"]
[Date "2013.03.28"]
[Round "3"]
[White "Murtuzov, Rauf Mubariz"]
[Black "Andersen, Rune"]
[Result "1-0"]
[WhiteElo "1923"]
[BlackElo "2133"]
[PlyCount "99"]
[EventDate "2013.03.26"]
[EventType "swiss"]
[EventRounds "7"]
[EventCountry "DEN"]
[SourceTitle "EXT 2014"]
[Source "ChessBase"]
[SourceDate "2013.11.20"]
[SourceVersion "1"]
[SourceVersionDate "2013.11.20"]
[SourceQuality "1"]

1. e4 c5 2. Nf3 Nc6 3. d4 cxd4 4. Nxd4 g6 5. c4 Bg7 6. Be3 Nf6 7. Nc3 0-0 8. Be2 d6 9. 0-0 Bd7 10. f3 Nxd4 11. Bxd4 Bc6 12. Rc1 Bh6 13. Rc2 Nh5 14. g3 Ng7 15. Nd5 Ne6 16. Bf2 f5 17. exf5 gxf5 18. Re1 Ng5 19. Kg2 e6 20. Nf4 e5 21. Nd5 Ne6 22. c5 dxc5 23. Bc4 Nd4 24. Nc7+ Kh8 25. Bxd4 cxd4 26. Ne6 Qf6 27. Nxf8 Bxf8 28. Rf2 Bc5 29. Bd3 Re8 30. Kg1 Bb4 31. Ree2 Qg6 32. f4 Qd6 33. fxe5 Qd5 34. Rg2 Rxe5 35. Bc4 Qf3 36. Qd3 Qxd3 37. Bxd3 Be4 38. Rgf2 Re7 39. Bxe4 fxe4 40. Rf4 d3 41. Rexe4 d2 42. Rf8+ Kg7 43. Rxe7+ Bxe7 44. Rf1 Kg6 45. Rd1 Bg5 46. Kf2 Kf5 47. Kf3 h5 48. h3 Ke5 49. g4 hxg4+ 50. hxg4 1-0

[Event "DEN-ch1A"]
[Site "Helsingor"]
[Date "2013.03.25"]
[Round "5"]
[White "Lindholt, Malik"]
[Black "Murtuzov, Rauf Mubariz"]
[Result "1-0"]
[WhiteElo "2013"]
[BlackElo "1923"]
[PlyCount "117"]
[EventDate "2013.03.23"]
[EventType "swiss"]
[EventRounds "5"]
[EventCountry "DEN"]
[SourceTitle "EXT 2014"]
[Source "ChessBase"]
[SourceDate "2013.11.20"]
[SourceVersion "1"]
[SourceVersionDate "2013.11.20"]
[SourceQuality "1"]

1. e4 c6 2. d4 d5 3. exd5 cxd5 4. c4 Nf6 5. Nc3 g6 6. Qb3 Bg7 7. cxd5 0-0 8. Bd3 Nbd7 9. d6 exd6 10. Nge2 Nb6 11. 0-0 Be6 12. Qc2 Rc8 13. Nf4 Bc4 14. Re1 Nfd7 15. Be3 Bxd3 16. Qxd3 Nc4 17. b3 Nxe3 18. fxe3 Nb6 19. Nfd5 Re8 20. e4 a6 21. Rad1 Nxd5 22. Nxd5 Qa5 23. Re2 Qb5 24. Qf3 f5 25. a4 Qc6 26. Kf1 fxe4 27. Rxe4 Kh8 28. Ne7 Qd7 29. Nxc8 Rxc8 30. Kg1 d5 31. Re2 Rf8 32. Qe3 b5 33. Qe6 Qb7 34. Rf2 Rd8 35. Rf7 Qa8 36. a5 Re8 37. Qd7 Rg8 38. g3 Qe8 39. Qxe8 Rxe8 40. Ra7 Bf8 41. Kf2 Re6 42. Re1 Rxe1 43. Kxe1 Bb4+ 44. Ke2 Bxa5 45. Rxa6 Bc3 46. Kd3 b4 47. Rd6 Kg7 48. Rxd5 Kf6 49. Re5 h5 50. Re2 Kg5 51. d5 Kg4 52. d6 Bf6 53. Kc4 Kh3 54. Kxb4 Bd4 55. d7 Bb6 56. Kb5 Bc7 57. Kc6 Ba5 58. b4 Bd8 59. b5 1-0

[Event "DEN-ch1A"]
[Site "Helsingor"]
[Date "2013.03.24"]
[Round "3"]
[White "Murtuzov, Rauf Mubariz"]
[Black "Pedersen, Henrik Bolding"]
[Result "1-0"]
[WhiteElo "1923"]
[BlackElo "2136"]
[PlyCount "61"]
[EventDate "2013.03.23"]
[EventType "swiss"]
[EventRounds "5"]
[EventCountry "DEN"]
[SourceTitle "EXT 2014"]
[Source "ChessBase"]
[SourceDate "2013.11.20"]
[SourceVersion "1"]
[SourceVersionDate "2013.11.20"]
[SourceQuality "1"]

1. e4 c6 2. d4 d5 3. exd5 cxd5 4. c4 Nf6 5. Nc3 g6 6. Qb3 Bg7 7. cxd5 0-0 8. Be2 Nbd7 9. Bf3 Nb6 10. Nge2 Bf5 11. 0-0 Bd3 12. Qd1 Ba6 13. d6 Qxd6 14. Bf4 Qd7 15. Re1 Rac8 16. Rc1 Nfd5 17. Be5 Bh6 18. Ra1 Rfd8 19. Ne4 Nc4 20. N2c3 Nxb2 21. Qb3 Nxc3 22. Nxc3 Nc4 23. Rad1 Nd2 24. Qb2 Nxf3+ 25. gxf3 Qf5 26. d5 Qxf3 27. Ne4 Bd3 28. Rxd3 Qxd3 29. d6 e6 30. Nf6+ Kf8 31. Qxb7 1-0